| 000 | 00513nam a22001817a 4500 | ||
|---|---|---|---|
| 003 | CEME | ||
| 005 | 20210628203246.0 | ||
| 008 | 210204b xxu||||| |||| 00| 0 eng d | ||
| 020 | _a817473368X | ||
| 040 | _c. | ||
| 082 | _a621.303 AHU | ||
| 100 |
_aAhuja, Kavita , Singh, Darshna _964347 |
||
| 245 | _aEncyclopedic dictionary of electronics | ||
| 260 |
_aDELHI _bA.I.T.B.S PUBLISHER _c2007 |
||
| 300 | _a546P | ||
| 650 |
_aDICTIONARY OF ELECTRONICS. , ENCYCLOPEDIC OF ELECTRONICS _964348 |
||
| 942 |
_cBK _2ddc |
||
| 999 |
_c572871 _d572871 |
||